Statistics for Cities in Europe with the Worst Crime

Click here to take the quiz!

General Stats

  • This quiz has been taken 685 times
    (174 since last reset)
  • The average score is 15 of 25

Answer Stats

RankCrime IndexCountryAnswer% Correct
1754.1United KingdomLondon
94%
1057.4FranceParis
94%
1554.3BelgiumBrussels
91%
1256.0GreeceAthens
88%
165.0FranceMarseille
88%
2551.9ItalyRome
87%
1454.7United KingdomManchester
85%
2252.8IrelandDublin
81%
1854.0FranceLyon
80%
264.1United KingdomBirmingham
77%
562.3ItalyNaples
77%
2352.6BelarusMinsk
75%
1355.0FranceNice
64%
1156.7SwedenMalmo
59%
2451.9ItalyTurin
53%
1953.9UkraineOdessa
51%
2053.8GreeceThessaloniki
50%
959.2FranceNantes
41%
760.2BelgiumLiege
33%
2153.1SpainBilbao
32%
661.7FranceMontpellier
31%
363.9BelgiumCharleroi
25%
1654.2UkraineDnipro
23%
859.3FranceGrenoble
18%
463.8United Kingdom
Coventry
13%

Score Distribution

Percentile by Number Answered

Percent of People with Each Score

Your Score History

You have not taken this quiz since the last reset